000 00941cam a2200217 4500
001 WB3704-08
008 000000n2001 000 0 eng u
035 _a(Sirsi) u110487
245 _aBusiness property market slows further
260 _c2001
490 _aRICS Press Release
_v(008) 22 January 2001, (2)
520 _aLatest RICS Commercial Property survey shows that occupier sales and commercial lettings have slowed for the third successive quarter. This has been caused by weakness in retail; meanwhile the warehouse sector has shown a healthy surge in occupation.
590 _aWB
650 _aRICS SURVEY
650 _aPROPERTY-COMMERCIAL PROPERTY-OFFICE PROPERTY-OFFICE PROPERTY MARKET
650 _aBUSINESS PROPERTY
650 _aPROPERTY-COMMERCIAL PROPERTY-RETAIL PROPERTY-RETAIL PROPERTY MARKET
650 _aINDUSTRIAL MARKET
690 _aPROPERTY-COMMERCIAL PROPERTY-COMMERCIAL PROPERTY MARKET
942 _n0
999 _c65869
_d65869